00519nam a2200193Ia 450000500170000000800410001702000140005804000190007204100120009108200160010310000200011924500690013926000260020830000130023450400340024765000150028170000180029685000110031420240423095420.0131103s9999 xx 000 0 und d a582500125 aLoreto College aEnglish a370.15bCHA aChazan Maurice  4aThe Practice of Eductional PsychologycMaurice Chazan and others aLondonbLongmanc1974 aix,422p  aIncludes references and index aPsychology aTerence Moore aLCBED